书目信息 |
| 题名: |
中国制度面对面:理论热点面对面.2020
|
|
| 作者: | ;中共中央宣传部理论局 编 | |
| 分册: | ||
| 出版信息: | 北京 学习出版社;人民出版社 2020.07 |
|
| 页数: | 251页 | |
| 开本: | 20cm | |
| 丛书名: | ||
| 单 册: | ||
| 中图分类: | D621 | |
| 科图分类: | ||
| 主题词: | 政治--中国 | |
| 电子资源: | ||
| ISBN: | 978-7-5147-0985-8 | |
| 000 | 00702nam0 2200181 450 | |
| 001 | 2632795047 | |
| 005 | 20260414091529.31 | |
| 010 | @a978-7-5147-0985-8@dCNY25.00 | |
| 100 | @a20230912d2020 km y0chiy0120 ea | |
| 101 | 0 | @achi |
| 200 | 1 | @a中国制度面对面:理论热点面对面.2020@AZhong Guo Zhi Du Mian Dui Mian:Li Lun Re Dian Mian Dui Mian.2020@f中共中央宣传部理论局编@FZhong Gong Zhong Yang Xuan Chuan Bu Li Lun Ju Bian |
| 210 | @a北京@c学习出版社;人民出版社@d2020.07 | |
| 215 | @a251页@d20cm | |
| 606 | 0 | @a政治@x中国 |
| 690 | @aD621@v4 | |
| 711 | 02 | @a中共中央宣传部理论局@AZhong Gong Zhong Yang Xuan Chuan Bu Li Lun Ju@4编 |
| 801 | 0 | @aCN@b大连网信软件有限公司图书馆·11@c20260414 |
| 905 | @aZUCC@dD621@eZW1 | |
| 中国制度面对面:理论热点面对面.2020/中共中央宣传部理论局编.-北京:学习出版社;人民出版社,2020.07 |
| 251页;20cm |
| ISBN 978-7-5147-0985-8:CNY25.00 |
| ● |
| 相关链接 |
|
|
|
|
正题名:中国制度面对面:理论热点面对面.2020
索取号:D621/ZW1
 
预约/预借
| 序号 | 登录号 | 条形码 | 馆藏地/架位号 | 状态 | 备注 |
| 1 | 6606052 | 266060521 | 密集书库-文学院/ [索取号:D621/ZW1] | 在馆 |